000 00255 a2200109 4500
001 51072
040 _cAnchieta - Pituba
240 1 0 _aNovas situações de aprendizagem
_l
245 1 0 _aNovas situações de aprendizagem
650 4 _aEducação
942 _cMX
999 _c51072
_d51072